Adhunik asamiya gadyashailee (Record no. 9950)

MARC details
000 -LEADER
fixed length control field 00444cam a2200181ua 4500
008 - FIXED-LENGTH DATA ELEMENTS--GENERAL INFORMATION
fixed length control field 190806n ii |||gr||||Z||||||asm
040 ## - CATALOGING SOURCE
Transcribing agency MAIN
041 ## - LANGUAGE CODE
-- asm
082 ## - DEWEY DECIMAL CLASSIFICATION NUMBER
Classification number 891.4514
100 ## - MAIN ENTRY--PERSONAL NAME
Personal name Arpana Konwar,
Relator term
245 ## - TITLE STATEMENT
Title Adhunik asamiya gadyashailee
Statement of responsibility, etc. Edited by Arpana Konwar
250 ## - EDITION STATEMENT
Edition statement 1st ed.
260 ## - PUBLICATION, DISTRIBUTION, ETC.
Place of publication, distribution, etc. Dibrugarh:
Name of publisher, distributor, etc. Banalata,
Date of publication, distribution, etc. 2016.
300 ## - PHYSICAL DESCRIPTION
Extent 552p.
942 ## - ADDED ENTRY ELEMENTS (KOHA)
Koha item type Books
653 ## - INDEX TERM--UNCONTROLLED
Uncontrolled term Assamese literature
Holdings
Withdrawn status Lost status Damaged status Not for loan Home library Current library Shelving location Date acquired Total Checkouts Full call number Barcode Date last seen Date last checked out Copy number Price effective from Koha item type Source of classification or shelving scheme Collection code Cost, normal purchase price
        Central Library, Naharkatiya College Central Library, Naharkatiya College General Stacks 19/09/2020 17 891.4514ADH 26793 08/06/2024 25/05/2024 1 19/09/2020 Books      
        Central Library, Naharkatiya College Central Library, Naharkatiya College General Stacks 19/09/2020   891.4514ADH 26794 19/09/2020   2 19/09/2020 Books      
        Central Library, Naharkatiya College Central Library, Naharkatiya College General Stacks 07/02/2022   891.4514 28353 06/02/2025   3 07/02/2022 Books Dewey Decimal Classification Assamese 850.00
        Central Library, Naharkatiya College Central Library, Naharkatiya College General Stacks 18/05/2022 15 891.4514 28352 09/04/2024 28/03/2024 4 18/05/2022 Books Dewey Decimal Classification Assamese 450.00

Naharkatiya College © 2020. All rights reserved.

Powered By